Online
Catalog

Gran diccionario enciclopédico Time Life / (Record no. 32393)

MARC details
000 -CABECERA
campo de control de longitud fija 00825nam a2200217 a 4500
001 - NÚMERO DE CONTROL
campo de control 000032902
003 - IDENTIFICADOR DEL NÚMERO DE CONTROL
campo de control DO-SdBNP
005 - FECHA Y HORA DE LA ÚLTIMA TRANSACCIÓN
campo de control 20250702103250.0
008 - DATOS DE LONGITUD FIJA--INFORMACIÓN GENERAL
campo de control de longitud fija 110801s2007 sp d 000 0 spa d
020 ## - NÚMERO INTERNACIONAL ESTÁNDAR DEL LIBRO
Número Internacional Estándar del Libro 9684182155
040 ## - FUENTE DE LA CATALOGACIÓN
Centro catalogador/agencia de origen DO-SdBNP
Lengua de catalogación spa
Centro/agencia transcriptor BNPHU
082 #4 - NÚMERO DE LA CLASIFICACIÓN DECIMAL DEWEY
Número de clasificación R 036.1
Número de documento/Ítem G748d
Número de edición 22
245 00 - MENCIÓN DE TÍTULO
Título Gran diccionario enciclopédico Time Life /
Mención de responsabilidad, etc. realización editorial, Jorge Hernán López Cano
250 ## - MENCIÓN DE EDICIÓN
Mención de edición 2a. edición
260 ## - PUBLICACIÓN, DISTRIBUCIÓN, ETC.
Lugar de publicación, distribución, etc. Mexíco, D.F. :
Nombre del editor, distribuidor, etc. Ediciones Culturales Internacionales,
Fecha de publicación, distribución, etc. 2007.
300 ## - DESCRIPCIÓN FÍSICA
Extensión 1158, xxxii páginas :
Otras características físicas ilustraciones en color, mapas, retratos algunos en color ;
Dimensiones 27 cm +
Material acompañante/anejo 1 CD-ROM (4 3/4 plg) en bolsillo.
650 #4 - PUNTO DE ACCESO ADICIONAL DE MATERIA--TÉRMINO DE MATERIA
Término de materia o nombre geográfico como elemento de entrada Enciclopedias y diccionarios españoles
9 (RLIN) 2045
650 #4 - PUNTO DE ACCESO ADICIONAL DE MATERIA--TÉRMINO DE MATERIA
Término de materia o nombre geográfico como elemento de entrada Español
Subdivisión de forma Diccionarios
700 12 - PUNTO DE ACCESO ADICIONAL--NOMBRE DE PERSONA
Nombre de persona López Cano, Jorge Hernán
Término indicativo de función/relación ed.
9 (RLIN) 58667
942 ## - ELEMENTOS DE PUNTO DE ACCESO ADICIONAL (KOHA)
Fuente del sistema de clasificación o colocación Dewey Decimal Classification
Tipo de ítem Koha Libro
Holdings
Estado de retiro Estado de pérdida Fuente del sistema de clasificación o colocación Restricciones de uso No para préstamo Código de colección Localización permanente Ubicación/localización actual Ubicación en estantería Fecha de adquisición Total de préstamos Signatura topográfica completa Código de barras Fecha visto por última vez Número de copia Precio válido a partir de Tipo de ítem Koha
    Dewey Decimal Classification Préstamo en sala   Referencia General Biblioteca Nacional Pedro Henríquez Ureña Biblioteca Nacional Pedro Henríquez Ureña Depósito 07.07.2014   BNPHU R-GR 036.1 G748d 32902-30 25.06.2020 e.3 25.06.2020 Libro
    Dewey Decimal Classification Préstamo en sala   Referencia General Biblioteca Nacional Pedro Henríquez Ureña Biblioteca Nacional Pedro Henríquez Ureña Depósito 01.08.2011   BNPHU R-GR 036.1 G748d 32902-10 25.06.2020   25.06.2020 Libro
    Dewey Decimal Classification Préstamo en sala   Referencia General Biblioteca Nacional Pedro Henríquez Ureña Biblioteca Nacional Pedro Henríquez Ureña Depósito 08.11.2024   BNPHU R-GR 036.1 G748d 32902-20 08.11.2024 e.2 08.11.2024 Libro
    Dewey Decimal Classification Préstamo en sala   Referencia General Biblioteca Nacional Pedro Henríquez Ureña Biblioteca Nacional Pedro Henríquez Ureña Depósito 12.11.2024   BNPHU R-GR 036.1 G748d 32902-40 12.11.2024 e.4 12.11.2024 Libro

Powered by Koha